Vývoj cenových indexov práce v podmienkach finančnej krízy v Slovenskej republike

Analýza vývoja ceny práce v pomere k rastu produktivity práce. Uvedené porovnanie bolo uskutočnené na základe vývoja hrubej mzdy v jednotlivých rokoch resp. obdobiach v komparácii s rastom produktivity práce za rovnaké obdobie. Súčasťou predkladanej práce je aj načrtnutie vývoja v skúmanej oblasti v...

Descripción completa

Guardado en:
Detalles Bibliográficos
Autor principal: Kintler, Jakub, 1979-
Formato: Capítulo de libro
Lenguaje:eslovaco
Materias:
Etiquetas: Agregar Etiqueta
Sin Etiquetas, Sea el primero en etiquetar este registro!

MARC

LEADER 00000nla$a2200000$$$4500
001 0105578
005 20240502072153.9
041 0 |a slo 
044 |a SK 
245 1 0 |a Vývoj cenových indexov práce v podmienkach finančnej krízy v Slovenskej republike  |c Jakub Kintler 
520 |a Analýza vývoja ceny práce v pomere k rastu produktivity práce. Uvedené porovnanie bolo uskutočnené na základe vývoja hrubej mzdy v jednotlivých rokoch resp. obdobiach v komparácii s rastom produktivity práce za rovnaké obdobie. Súčasťou predkladanej práce je aj načrtnutie vývoja v skúmanej oblasti v roku 2009. Porovnanie bolo uskutočnené na základe indexov cien práce a indexov produktivity práce vzhľadom na predchádzajúce obdobie. 
610 2 0 |a cena práce 
610 2 0 |a vývoj 
610 2 0 |a analýzy 
610 2 0 |a vývoj mzdový 
610 2 0 |a indexy 
610 2 0 |a produktivita práce 
610 2 0 |a kríza finančná 
610 2 0 |a Slovensko 
100 1 |a Kintler, Jakub, 1979-